ADVERTISING PROMOTION (Record no. 12785)
[ view plain ]
| 000 -LEADER | |
|---|---|
| fixed length control field | 00395nam a22001697a 4500 |
| 003 - CONTROL NUMBER IDENTIFIER | |
| control field | SGT |
| 020 ## - INTERNATIONAL STANDARD BOOK NUMBER | |
| International Standard Book Number | 9780078028977 |
| 082 ## - DEWEY DECIMAL CLASSIFICATION NUMBER | |
| Classification number | 659 |
| Item number | A13B |
| 100 ## - MAIN ENTRY--PERSONAL NAME | |
| Personal name | BLEACH,GEORGE E. |
| 245 ## - TITLE STATEMENT | |
| Title | ADVERTISING PROMOTION |
| 250 ## - EDITION STATEMENT | |
| Edition statement | 9TH |
| 260 ## - PUBLICATION, DISTRIBUTION, ETC. (IMPRINT) | |
| Place of publication, distribution, etc | NEW DELHI |
| Name of publisher, distributor, etc | MC GRAW HILL WCUCATION |
| Year of Publication | 2013 |
| 300 ## - PAGE DESCRIPTION | |
| No. of Pages | 1016 |
| 650 ## - SUBJECT ADDED ENTRY--TOPICAL TERM | |
| Topical term or geographic name as entry element | ADVERTISING PROMOTION |
| 653 ## - KEYWORDS--INDEX TERM | |
| Keyword term | ADVERTISING PROMOTION |
| 942 ## - ADDED ENTRY ELEMENTS (KOHA) | |
| Source of classification or shelving scheme | Dewey Decimal Classification |
| Koha item type | Books |
| Withdrawn status | Lost status | Source of classification or shelving scheme | Damaged status | Not for loan | Collection code | Home library | Current library | Shelving location | Date acquired | Vendor Name | Cost, normal purchase price | SGTU | Bill Number | Total Checkouts | Full call number | Accession No. (Barcode) | Date last seen | Date last borrowed | Bill Date | Koha item type |
|---|---|---|---|---|---|---|---|---|---|---|---|---|---|---|---|---|---|---|---|---|
| Dewey Decimal Classification | MASS COMMUNICATION | SGT Science & Social Sciences Library | SGT Science & Social Sciences Library | Text Book | 01/08/2017 | ABC | 659.00 | SGTU | 6681 | 1 | 659 A13B | MC5 | 13/03/2020 | 03/03/2020 | 03/03/2016 | Books | ||||
| Dewey Decimal Classification | MASS COMMUNICATION | SGT Science & Social Sciences Library | SGT Science & Social Sciences Library | Text Book | 01/08/2017 | ABC | 659.00 | SGTU | 6681 | 1 | 659 A13B | MC6 | 12/05/2026 | 12/05/2026 | 03/03/2016 | Books | ||||
| Dewey Decimal Classification | MASS COMMUNICATION | SGT Science & Social Sciences Library | SGT Science & Social Sciences Library | Text Book | 01/08/2017 | ABC | 659.00 | SGTU | 6681 | 2 | 659 A13B | MC7 | 07/08/2021 | 07/04/2021 | 03/03/2016 | Books | ||||
| Dewey Decimal Classification | MASS COMMUNICATION | SGT Science & Social Sciences Library | SGT Science & Social Sciences Library | Text Book | 01/08/2017 | ABC | 659.00 | SGTU | 6681 | 3 | 659 A13B | MC8 | 17/10/2025 | 08/10/2025 | 03/03/2016 | Books | ||||
| Dewey Decimal Classification | MASS COMMUNICATION | SGT Science & Social Sciences Library | SGT Science & Social Sciences Library | Text Book | 01/08/2017 | ABC | 659.00 | SGTU | 6681 | 659 A13B | MC9 | 01/08/2017 | 03/03/2016 | Books |